Estate planning and practice handbook /

Bibliographic Details
Main Author: Goggans, Travis P., 1929-
Other Authors: Englebrecht, Ted D.
Format: Book
Language:English
Published: Englewood Cliffs, N.J. : Prentice-Hall, [1982]
Subjects:

MARC

Tag First Indicator Second Indicator Subfields
LEADER 00000pam a2200000 a 4500
001 in00000091658
005 20150923131716.0
008 811130s1982 njua b 00110 eng
010 |a  81021121  
020 |a 0132896036 
035 |a (OCoLC)08034353 
035 |9 AAK6989AM 
039 0 |a 2  |b 3  |c 3  |d 3  |e 3 
040 |a DLC  |c DLC  |d TXA  |d UtOrBLW 
043 |a n-us--- 
049 |a TXAM  |c [1633316] 
050 0 0 |a KF6584  |b  G63 1982 
082 0 |a 343.7305/3  |a 347.30353  |2 19 
100 1 |a Goggans, Travis P.,  |d 1929- 
245 1 0 |a Estate planning and practice handbook /  |c Travis P. Goggans and Ted D. Englebrecht. 
264 1 |a Englewood Cliffs, N.J. :  |b Prentice-Hall,  |c [1982] 
264 4 |c ©1982 
300 |a 484 pages :  |b illustrations ;  |c 24 cm. 
336 |a text  |b txt  |2 rdacontent 
337 |a unmediated  |b n  |2 rdamedia 
338 |a volume  |b nc  |2 rdacarrier 
504 |a Includes bibliographical references and index. 
650 0 |a Inheritance and transfer tax  |x Law and legislation  |z United States. 
650 0 |a Estate planning  |z United States. 
650 0 |a Tax planning  |z United States. 
700 1 |a Englebrecht, Ted D. 
999 |a MARS 
999 f f |s dc35810d-e8e7-35a3-b24b-eb9b24cb91e6  |i 94989520-7184-32a4-9383-ef22d1d10dae  |t 0 
952 f f |p ric  |a Texas A&M University  |b Rellis Campus  |c Joint Library Facility  |d Remote Storage  |t 0  |e KF6584 G63 1982  |h Library of Congress classification  |i unmediated -- volume  |m A14806019185 
998 f f |a KF6584 G63 1982  |t 0  |l Remote Storage